STATISTICS FOR MANAGEMENT (Record no. 19043)

MARC details
000 -LEADER
fixed length control field 00296nam a22001337a 4500
003 - CONTROL NUMBER IDENTIFIER
control field SGT
020 ## - INTERNATIONAL STANDARD BOOK NUMBER
International Standard Book Number 978-93-325-8118-01
082 ## - DEWEY DECIMAL CLASSIFICATION NUMBER
Classification number 658.4
Item number LEV
100 ## - MAIN ENTRY--PERSONAL NAME
Personal name LEVIN, RICHARD J.
245 ## - TITLE STATEMENT
Title STATISTICS FOR MANAGEMENT
260 ## - PUBLICATION, DISTRIBUTION, ETC. (IMPRINT)
Place of publication, distribution, etc DELHI
Name of publisher, distributor, etc PEARSON
Year of Publication 2018
300 ## - PAGE DESCRIPTION
No. of Pages 985
942 ## - ADDED ENTRY ELEMENTS (KOHA)
Source of classification or shelving scheme Dewey Decimal Classification
Koha item type Books
942 ## - ADDED ENTRY ELEMENTS (KOHA)
-- 2
Holdings
Withdrawn status Lost status Source of classification or shelving scheme Damaged status Not for loan Home library Current library Shelving location Date acquired Vendor Name Cost, normal purchase price SGTU Bill Number Total Checkouts Full call number Accession No. (Barcode) Date last seen Bill Date Koha item type Date last borrowed
    Dewey Decimal Classification     SGT Science & Social Sciences Library SGT Science & Social Sciences Library Text Book 11/09/2019 KIRTIPARKASHAN 779.00 SGTU IN4626   658.4 LEV CM5726 11/09/2019   Books  
    Dewey Decimal Classification     SGT Science & Social Sciences Library SGT Science & Social Sciences Library Text Book 11/09/2019 KIRTIPARKASHAN 779.00 SGTU IN4626   658.4 LEV CM5727 11/09/2019   Books  
    Dewey Decimal Classification     SGT Science & Social Sciences Library SGT Science & Social Sciences Library Text Book 11/09/2019 KIRTIPARKASHAN 779.00 SGTU IN4626 3 658.4 LEV CM5728 17/10/2022   Books 27/09/2022
    Dewey Decimal Classification     SGT Science & Social Sciences Library SGT Science & Social Sciences Library Text Book 11/09/2019 KIRTIPARKASHAN 779.00 SGTU IN4626   658.4 LEV CM5729 11/09/2019   Books  
    Dewey Decimal Classification     SGT Science & Social Sciences Library SGT Science & Social Sciences Library Text Book 11/09/2019 KIRTIPARKASHAN 779.00 SGTU IN4626   658.4 LEV CM5730 11/09/2019   Books